[Event "Bucharest Grand Prix op"]
[Site "Bucharest"]
[Date "2024.03.24"]
[Round "8"]
[White "Cnejev, Vladimir Alexandru"]
[Black "Toma, Iustin"]
[Result "1-0"]
[WhiteElo "2311"]
[BlackElo "1891"]
[PlyCount "101"]
[EventDate "2024.03.23"]
[EventType "swiss (rapid)"]
[EventRounds "10"]
[EventCountry "ROU"]
[SourceTitle "CB13_2024"]
[SourceDate "2024.03.27"]
[SourceVersion "1"]
[SourceVersionDate "2024.03.27"]
[SourceQuality "1"]

1. Nf3 Nf6 2. b3 d5 3. Bb2 c5 4. e3 Nc6 5. Bb5 Bg4 6. h3 Bxf3 7. Qxf3 Qd6 8. 0-0 e5 9. c4 a6 10. cxd5 axb5 11. dxc6 e4 12. cxb7 Rb8 13. Qf5 Qe6 14. Qxe6+ fxe6 15. Bxf6 gxf6 16. Nc3 b4 17. Nxe4 f5 18. Ng5 Ke7 19. Rac1 Kf6 20. Nf3 Rxb7 21. d4 cxd4 22. Nxd4 Bd6 23. Rc6 Rd8 24. Rd1 Rc7 25. Rxc7 Bxc7 26. Rc1 Bb6 27. Rc4 Ra8 28. Nxe6 Kxe6 29. Rc6+ Kd5 30. Rxb6 Kc5 31. Rf6 Rxa2 32. Rxf5+ Kc6 33. Rf4 Kc5 34. Rc4+ Kb5 35. Rd4 Rc2 36. g4 Rc3 37. Rd7 h6 38. Rd5+ Kc6 39. Rh5 Rxb3 40. Rxh6+ Kc5 41. g5 Rd3 42. Rh8 Rd6 43. Rc8+ Kd5 44. Rb8 Kc4 45. h4 Rg6 46. f4 b3 47. h5 Re6 48. Kf2 Re7 49. h6 Kc3 50. g6 b2 51. h7 1-0

[Event "ROM-ch"]
[Site "Eforie Nord"]
[Date "2024.02.26"]
[Round "3"]
[White "Magold, Filip"]
[Black "Cnejev, Vladimir Alexandru"]
[Result "1/2-1/2"]
[WhiteElo "2400"]
[BlackElo "2311"]
[PlyCount "63"]
[EventDate "2024.02.24"]
[EventType "swiss"]
[EventRounds "9"]
[EventCountry "ROU"]
[SourceTitle "CB10_2024"]
[SourceDate "2024.03.06"]
[SourceVersion "1"]
[SourceVersionDate "2024.03.06"]
[SourceQuality "1"]

1. e4 e5 2. Nf3 Nc6 3. Bb5 a6 4. Ba4 Nf6 5. d3 b5 6. Bb3 Be7 7. 0-0 d6 8. a4 Bg4 9. c3 0-0 10. h3 Bh5 11. Nbd2 Na5 12. Bc2 c5 13. Re1 Qc7 14. Nf1 Rad8 15. Ng3 Bg6 16. Nh4 d5 17. Nxg6 hxg6 18. axb5 axb5 19. exd5 Nxd5 20. Qf3 c4 21. dxc4 Nxc4 22. b3 Ncb6 23. Bb2 f5 24. c4 e4 25. Nxe4 bxc4 26. Nc3 Nb4 27. Qe2 Bf6 28. Nb5 Qc5 29. Bxf6 Rxf6 30. bxc4 Nxc2 31. Qxc2 Qxc4 32. Qxc4+ 1/2-1/2

[Event "Sebes GP op"]
[Site "Sebes"]
[Date "2023.11.04"]
[Round "3"]
[White "Cnejev, Vladimir Alexandru"]
[Black "Nanu, Ciprian Costica"]
[Result "1/2-1/2"]
[WhiteElo "2313"]
[BlackElo "2524"]
[PlyCount "125"]
[EventDate "2023.11.04"]
[EventType "swiss"]
[EventRounds "10"]
[EventCountry "ROU"]
[SourceTitle "CB46_2023"]
[SourceDate "2023.11.15"]
[SourceVersion "1"]
[SourceVersionDate "2023.11.15"]
[SourceQuality "1"]

1. e4 c5 2. Nf3 Nc6 3. Bb5 Qb6 4. Nc3 e6 5. 0-0 Nge7 6. Re1 a6 7. Bf1 Ng6 8. h4 d6 9. h5 Nge5 10. Nxe5 dxe5 11. d3 Qd8 12. Be3 Nd4 13. Ne2 Be7 14. c3 Nc6 15. a3 0-0 16. d4 exd4 17. cxd4 Bg5 18. Bxg5 Qxg5 19. f4 Qxh5 20. d5 exd5 21. Qxd5 Qxd5 22. exd5 Na7 23. Nc3 Bd7 24. Ne4 Rac8 25. Rec1 c4 26. Rxc4 Rxc4 27. Bxc4 Rc8 28. Bd3 f5 29. Nd6 Rc7 30. Nxf5 Nc8 31. Rd1 g6 32. Ne3 Nd6 33. Kf2 b5 34. Ke2 Kf7 35. Kd2 Kf6 36. Rc1 Rxc1 37. Kxc1 h6 38. Kd2 g5 39. g3 gxf4 40. gxf4 h5 41. Ke2 a5 42. b4 axb4 43. axb4 Ne8 44. Kf3 Nc7 45. Be4 Na6 46. Nc2 h4 47. Bd3 Nc7 48. Be4 Na6 49. Bd3 Nc7 50. Be4 Ke7 51. Ne3 Na6 52. Nc2 Kd6 53. Ke3 h3 54. Kf3 Nc7 55. Ne3 Na6 56. Nc2 Nc7 57. Ne3 Ne8 58. Kg3 Nf6 59. Bf3 Bc8 60. Bh1 Bd7 61. Bf3 Bc8 62. Bh1 Bd7 63. Bf3 1/2-1/2

[Event "World ol U16"]
[Site "Eindhoven"]
[Date "2023.08.17"]
[Round "8.5"]
[White "Moldagali, Beksultan"]
[Black "Cnejev, Vladimir Alexandru"]
[Result "1-0"]
[WhiteElo "2136"]
[BlackElo "2352"]
[PlyCount "93"]
[EventDate "2023.08.13"]
[EventType "team-swiss"]
[EventRounds "9"]
[EventCountry "NED"]
[SourceTitle "CBM 215 Extra"]
[Source "ChessBase"]
[SourceDate "2023.09.30"]
[SourceVersion "1"]
[SourceVersionDate "2023.09.30"]
[SourceQuality "1"]
[WhiteTeam "Kazakhstan II"]
[BlackTeam "Romania"]
[WhiteTeamCountry "KAZ"]
[BlackTeamCountry "ROU"]

1. e4 e5 2. Nf3 Nc6 3. Nc3 Nf6 4. d4 exd4 5. Nxd4 Bb4 6. Nxc6 bxc6 7. Bd3 0-0 8. 0-0 d5 9. exd5 cxd5 10. h3 Rb8 11. Be3 a5 12. Na4 Qe7 13. Ba7 Rb7 14. Bd4 Be6 15. Qf3 Bd6 16. b3 c5 17. Bc3 d4 18. Bxa5 Bd5 19. Qe2 Qd7 20. c4 Bc6 21. Nb2 Ra7 22. Bd2 Re8 23. Qd1 Qb7 24. f3 Qa8 25. a4 Nh5 26. Re1 Rae7 27. Bf1 Qb8 28. Rxe7 Rxe7 29. Be1 Re6 30. a5 Qd8 31. Nd3 Qg5 32. Qd2 Qg6 33. Bf2 Bxf3 34. Re1 Bb7 35. Rxe6 Qxe6 36. Qg5 Nf6 37. Nxc5 Qe7 38. Nxb7 Qxb7 39. Bxd4 h6 40. Qb5 Qe4 41. Qb6 Qf4 42. Qd8+ Kh7 43. Bd3+ g6 44. Qxf6 Qh2+ 45. Kf1 Qh1+ 46. Ke2 Qxg2+ 47. Qf2 1-0

[Event "EU-chT U18"]
[Site "Iasi"]
[Date "2023.07.28"]
[Round "5.3"]
[White "Pasti, Aron"]
[Black "Cnejev, Vladimir Alexandru"]
[Result "1-0"]
[WhiteElo "2336"]
[BlackElo "2362"]
[PlyCount "81"]
[EventDate "2023.07.24"]
[EventType "team-swiss"]
[EventRounds "7"]
[EventCountry "ROU"]
[SourceTitle "CBM 215 Extra"]
[Source "ChessBase"]
[SourceDate "2023.09.30"]
[SourceVersion "1"]
[SourceVersionDate "2023.09.30"]
[SourceQuality "1"]
[WhiteTeam "Hungary U18"]
[BlackTeam "Romania U18"]
[WhiteTeamCountry "HUN"]
[BlackTeamCountry "ROU"]

1. e4 e5 2. Nf3 Nc6 3. Bb5 Nf6 4. d3 d6 5. c3 a6 6. Ba4 Be7 7. 0-0 0-0 8. Nbd2 b5 9. Bc2 Re8 10. Re1 Bf8 11. d4 exd4 12. cxd4 Bg4 13. h3 Bh5 14. Nb3 d5 15. e5 Ne4 16. Rxe4 dxe4 17. Bxe4 Qd7 18. Bxh7+ Kh8 19. Be4 f6 20. Bf4 Rad8 21. Rc1 Nb4 22. Nc5 Qf7 23. e6 Rxe6 24. Nxe6 Qxe6 25. Bxc7 Rd7 26. Bb1 Nxa2 27. Qc2 g5 28. Re1 Qd5 29. Bb6 Nb4 30. Qc8 Kg7 31. Be4 Qf7 32. Bc5 Bxc5 33. dxc5 Rc7 34. Qd8 Rxc5 35. Nd4 Bg6 36. Bxg6 Kxg6 37. Ne6 Rd5 38. Qh8 Nd3 39. Nf8+ Kf5 40. g4+ Kf4 41. Ne6+ 1-0

[Event "Bucharest Grand Prix"]
[Site "Bucharest"]
[Date "2023.04.29"]
[Round "2"]
[White "Mamedov, Rauf"]
[Black "Cnejev, Vladimir Alexandru"]
[Result "1-0"]
[WhiteElo "2646"]
[BlackElo "2374"]
[PlyCount "61"]
[EventDate "2023.04.29"]
[EventType "swiss (rapid)"]
[EventRounds "10"]
[EventCountry "ROU"]
[SourceTitle "CBM 213 Extra"]
[Source "ChessBase"]
[SourceDate "2023.05.31"]
[SourceVersion "1"]
[SourceVersionDate "2023.05.31"]
[SourceQuality "1"]

1. e4 e5 2. Nf3 Nc6 3. Bb5 Nf6 4. Qe2 Bd6 5. c3 0-0 6. d3 Ne7 7. Bc4 Ng6 8. h4 c6 9. h5 Nf4 10. Bxf4 exf4 11. e5 Bc7 12. d4 d6 13. Nbd2 Bg4 14. 0-0-0 Re8 15. h6 dxe5 16. dxe5 Rxe5 17. Bxf7+ Kf8 18. Qc4 Re7 19. Ne4 Nxe4 20. Rxd8+ Rxd8 21. Bg6 Nxf2 22. hxg7+ Rxg7 23. Qc5+ Kg8 24. Qxf2 hxg6 25. Qxa7 Bd6 26. Qd4 Rdd7 27. Qc4+ Kf8 28. Rh8+ Ke7 29. Qe4+ Kf6 30. Qd4+ Kf5 31. Rf8+ 1-0

[Event "Titled Tuesday intern op 18th Apr Early"]
[Site "Chess.com INT"]
[Date "2023.04.18"]
[Round "5"]
[White "Ardila, Oscar Humberto"]
[Black "Cnejev, Vladimir Alexandru"]
[Result "0-1"]
[WhiteElo "1982"]
[BlackElo "2374"]
[PlyCount "76"]
[EventDate "2023.04.18"]
[EventType "swiss (blitz)"]
[EventRounds "11"]
[EventCountry "USA"]
[SourceTitle "EXT 2024"]
[Source "ChessBase"]
[SourceDate "2023.10.10"]
[SourceVersion "1"]
[SourceVersionDate "2023.10.10"]
[SourceQuality "1"]

1. d4 d5 2. Nf3 Nf6 3. Bg5 e6 4. Nbd2 Be7 5. e3 h6 6. Bh4 0-0 7. Bd3 c5 8. c3 b6 9. 0-0 Ba6 10. Bxa6 Nxa6 11. Qe2 Nb8 12. Ne5 Qc7 13. Bg3 Bd6 14. f4 Nbd7 15. Rae1 a6 16. h3 b5 17. Bh4 Rab8 18. dxc5 Bxc5 19. Ndf3 Ne4 20. Rd1 Nxe5 21. Nxe5 Bd6 22. Nd3 f5 23. Nf2 Nxf2 24. Rxf2 b4 25. cxb4 Rxb4 26. b3 a5 27. g4 a4 28. bxa4 Rxa4 29. gxf5 Rxf5 30. Rg2 Re4 31. Qg4 Qf7 32. Rd3 Bc5 33. Bf2 Qa7 34. Rg3 Rf7 35. Rb3 Rexf4 36. exf4 Bxf2+ 37. Kg2 Bxg3 38. Ra3 Qxa3 0-1

[Event "Titled Tuesday intern op 28th Mar Early"]
[Site "Chess.com INT"]
[Date "2023.03.28"]
[Round "11"]
[White "Ciuffoletti, Paolo"]
[Black "Cnejev, Vladimir Alexandru"]
[Result "0-1"]
[WhiteElo "2106"]
[BlackElo "2374"]
[PlyCount "86"]
[EventDate "2023.03.28"]
[EventType "swiss (blitz)"]
[EventRounds "11"]
[EventCountry "USA"]
[SourceTitle "EXT 2024"]
[Source "ChessBase"]
[SourceDate "2023.10.10"]
[SourceVersion "1"]
[SourceVersionDate "2023.10.10"]
[SourceQuality "1"]

1. e4 d6 2. d4 Nf6 3. Nc3 g6 4. f4 Bg7 5. Nf3 0-0 6. e5 dxe5 7. dxe5 Qxd1+ 8. Kxd1 Rd8+ 9. Ke1 Nd5 10. Nxd5 Rxd5 11. Bc4 Rd8 12. Ng5 Bg4 13. Bxf7+ Kf8 14. Be3 h6 15. Ne6+ Bxe6 16. Bxe6 Nc6 17. Kf2 Nd4 18. Bb3 a5 19. Rhd1 Nxb3 20. axb3 b6 21. Ke2 Kf7 22. Rxd8 Rxd8 23. Rd1 Rxd1 24. Kxd1 Ke6 25. Ke2 Kf5 26. Kf3 h5 27. g3 g5 28. fxg5 Bxe5 29. Bf4 Bxb2 30. Bxc7 Bd4 31. h4 e5 32. Bd6 e4+ 33. Ke2 b5 34. Kd2 a4 35. bxa4 bxa4 36. c3 Be5 37. Bxe5 Kxe5 38. c4 a3 39. Kc2 e3 40. g6 Kf6 41. c5 e2 42. Kd2 a2 43. c6 a1Q 0-1

[Event "Titled Tuesday intern op 28th Mar Early"]
[Site "Chess.com INT"]
[Date "2023.03.28"]
[Round "9"]
[White "Cnejev, Vladimir Alexandru"]
[Black "Hartikainen, Jarmo"]
[Result "1-0"]
[WhiteElo "2374"]
[BlackElo "2108"]
[PlyCount "141"]
[EventDate "2023.03.28"]
[EventType "swiss (blitz)"]
[EventRounds "11"]
[EventCountry "USA"]
[SourceTitle "EXT 2024"]
[Source "ChessBase"]
[SourceDate "2023.10.10"]
[SourceVersion "1"]
[SourceVersionDate "2023.10.10"]
[SourceQuality "1"]

1. e4 c5 2. Nf3 Nc6 3. c3 d5 4. exd5 Qxd5 5. d4 cxd4 6. cxd4 Bg4 7. Be2 e6 8. Nc3 Qa5 9. 0-0 Nf6 10. Be3 Be7 11. h3 Bh5 12. Qb3 Qb4 13. Qxb4 Nxb4 14. Ne5 Bxe2 15. Nxe2 0-0 16. a3 Nc2 17. Rac1 Rac8 18. Bg5 h6 19. Bxf6 Bxf6 20. Nd7 Rfd8 21. Nxf6+ gxf6 22. Kh2 e5 23. Rfd1 Nxd4 24. Rxc8 Rxc8 25. Nxd4 Rd8 26. Kg3 f5 27. Kf3 Kh7 28. Rc1 exd4 29. Ke2 Rd7 30. Kd3 Kg6 31. Rc4 f6 32. Rxd4 Re7 33. Kd2 b6 34. h4 Kh5 35. g3 Rc7 36. a4 Rc5 37. Kd3 Kg6 38. Rd7 a5 39. Rd6 f4 40. Rxb6 fxg3 41. fxg3 Kf5 42. Rb5 Rxb5 43. axb5 Ke6 44. Ke4 Kd6 45. Kf5 Kc5 46. g4 Kxb5 47. Kxf6 Kb4 48. g5 Kb3 49. gxh6 Kxb2 50. h7 a4 51. h8Q a3 52. Qb8+ Kc2 53. h5 a2 54. Qe5 Kb1 55. h6 a1Q 56. Qxa1+ Kxa1 57. h7 Kb2 58. h8Q Kc3 59. Qh4 Kd3 60. Ke5 Kc3 61. Qe4 Kb3 62. Qd4 Kc2 63. Kd5 Kb3 64. Kc5 Ka3 65. Qc4 Kb2 66. Qd3 Kc1 67. Kc4 Kb2 68. Qc3+ Kb1 69. Qd2 Ka1 70. Kb3 Kb1 71. Qb2# 1-0

[Event "ROM-ch"]
[Site "Sebes"]
[Date "2023.02.26"]
[Round "9"]
[White "Nevednichy, Vladislav"]
[Black "Cnejev, Vladimir Alexandru"]
[Result "1/2-1/2"]
[WhiteElo "2477"]
[BlackElo "2268"]
[PlyCount "132"]
[EventDate "2023.02.19"]
[EventType "swiss"]
[EventRounds "9"]
[EventCountry "ROU"]
[SourceTitle "CBM 212 Extra"]
[Source "ChessBase"]
[SourceDate "2023.03.31"]
[SourceVersion "1"]
[SourceVersionDate "2023.03.31"]
[SourceQuality "1"]

1. e4 e5 2. Nf3 Nc6 3. Bc4 Bc5 4. d3 Nf6 5. c3 a6 6. h3 Ba7 7. Nbd2 0-0 8. 0-0 d6 9. Bb3 Ne7 10. Re1 Ng6 11. Nf1 h6 12. Ng3 Re8 13. d4 b5 14. a4 Bb7 15. Bc2 Bb6 16. Bd2 Qd7 17. axb5 axb5 18. Rxa8 Bxa8 19. Qc1 Qe7 20. Bd3 Bc6 21. Be3 Bd7 22. Qc2 d5 23. dxe5 Nxe5 24. Nxe5 Qxe5 25. Bxb6 cxb6 26. Qd2 dxe4 27. Bxe4 Qc7 28. Bd3 Rxe1+ 29. Qxe1 Qd6 30. Bf1 Kf8 31. Ne2 Ne8 32. Nc1 Nc7 33. Qe4 Bc6 34. Qh7 Ne6 35. Nd3 Bd5 36. Nb4 Bc4 37. Qb1 Qd2 38. Qc2 Qxc2 39. Nxc2 Nc5 40. Bxc4 bxc4 41. Na3 b5 42. Nxb5 Na4 43. f4 Ke7 44. Kf2 Ke6 45. Ke3 Kd5 46. Nc7+ Kc5 47. Ne8 g6 48. Nf6 Nxb2 49. Ng4 h5 50. Ne5 Nd1+ 51. Kd2 Nf2 52. Nxf7 Ne4+ 53. Kc2 Kd5 54. Nh8 Ke6 55. Nxg6 Kf5 56. Ne5 Kxf4 57. Nxc4 Kg3 58. Ne3 Kf2 59. Kd3 Nxc3 60. g4 hxg4 61. hxg4 Ne2 62. Nd5 Kf3 63. g5 Ng3 64. Kd4 Kg4 65. g6 Kg5 66. Ke3 Kxg6 1/2-1/2

[Event "ROM-ch"]
[Site "Sebes"]
[Date "2023.02.25"]
[Round "8"]
[White "Cnejev, Vladimir Alexandru"]
[Black "Serban, Cristian Stefan"]
[Result "1-0"]
[WhiteElo "2268"]
[BlackElo "2147"]
[PlyCount "85"]
[EventDate "2023.02.19"]
[EventType "swiss"]
[EventRounds "9"]
[EventCountry "ROU"]
[SourceTitle "CBM 212 Extra"]
[Source "ChessBase"]
[SourceDate "2023.03.31"]
[SourceVersion "1"]
[SourceVersionDate "2023.03.31"]
[SourceQuality "1"]

1. e4 c6 2. d4 d5 3. exd5 cxd5 4. Bd3 Nc6 5. c3 Nf6 6. Bf4 Bg4 7. Qb3 Qd7 8. Nd2 e6 9. Ngf3 Bd6 10. Bxd6 Qxd6 11. 0-0 0-0 12. Rae1 Ne7 13. Ne5 Bf5 14. Bxf5 Nxf5 15. g4 Ne7 16. Re3 h5 17. h3 Rab8 18. Qd1 b5 19. a3 a5 20. Nb3 b4 21. Nc5 bxa3 22. bxa3 Rbc8 23. f3 Nc6 24. f4 Ne4 25. Nxe4 dxe4 26. Nxc6 Rxc6 27. gxh5 Qxa3 28. Qd2 Qe7 29. Rxe4 Qh4 30. Kh2 Rfc8 31. Re3 Qxh5 32. Rg1 Qf5 33. Reg3 g6 34. Re1 a4 35. Re5 Qb1 36. d5 exd5 37. f5 Qb8 38. Ree3 Rb6 39. Qxd5 Rb2+ 40. Kh1 Rd8 41. Rxg6+ Kh8 42. Re8+ Rxe8 43. Qd4+ 1-0

[Event "ROM-ch"]
[Site "Sebes"]
[Date "2023.02.20"]
[Round "2"]
[White "Cnejev, Vladimir Alexandru"]
[Black "Parligras, Mircea Emilian"]
[Result "1/2-1/2"]
[WhiteElo "2268"]
[BlackElo "2570"]
[PlyCount "98"]
[EventDate "2023.02.19"]
[EventType "swiss"]
[EventRounds "9"]
[EventCountry "ROU"]
[SourceTitle "CBM 212 Extra"]
[Source "ChessBase"]
[SourceDate "2023.03.31"]
[SourceVersion "1"]
[SourceVersionDate "2023.03.31"]
[SourceQuality "1"]

1. e4 c5 2. Nf3 d6 3. Bb5+ Nd7 4. 0-0 a6 5. Bd3 Ngf6 6. Re1 e6 7. c3 b5 8. a4 Bb7 9. axb5 axb5 10. Rxa8 Qxa8 11. Na3 b4 12. Nb5 Qa5 13. cxb4 cxb4 14. Nbd4 Be7 15. Nb3 Qa8 16. Qe2 0-0 17. Bc2 Rc8 18. d4 Qa2 19. Qd1 d5 20. e5 Ne4 21. Nfd2 Nxd2 22. Nxd2 Ba6 23. f4 g6 24. g4 Nb6 25. f5 Nc4 26. f6 Bf8 27. Nxc4 Bxc4 28. Qf3 b3 29. Bd1 Qa5 30. Qf2 Bd3 31. Bd2 Qa2 32. Qe3 Bc2 33. Bc3 Bxd1 34. Rxd1 Rc4 35. h4 h6 36. Kg2 Kh7 37. Qe1 Bb4 38. Bxb4 Qxb2+ 39. Rd2 Rc2 40. Kf3 Rxd2 41. Bxd2 Qxd4 42. Bc3 Qd3+ 43. Qe3 Qc2 44. Qd4 Qh2 45. Qa7 Qh3+ 46. Kf2 Qxh4+ 47. Kf3 Qh3+ 48. Kf2 Qh2+ 49. Kf3 Qh3+ 1/2-1/2

[Event "Titled Tuesday intern op 03rd Jan Early"]
[Site "Chess.com INT"]
[Date "2023.01.03"]
[Round "11"]
[White "Blanco Acevedo, Cristobal Jose"]
[Black "Cnejev, Vladimir Alexandru"]
[Result "1-0"]
[WhiteElo "2325"]
[BlackElo "2268"]
[PlyCount "155"]
[EventDate "2023.01.03"]
[EventType "swiss (blitz)"]
[EventRounds "11"]
[EventCountry "USA"]
[SourceTitle "EXT 2024"]
[Source "ChessBase"]
[SourceDate "2023.10.10"]
[SourceVersion "1"]
[SourceVersionDate "2023.10.10"]
[SourceQuality "1"]

1. e4 e5 2. Nf3 Nc6 3. Bb5 a6 4. Ba4 b5 5. Bb3 Bb7 6. c3 Be7 7. 0-0 Nf6 8. Re1 0-0 9. d4 d6 10. d5 Na5 11. Bc2 Nc4 12. b3 Nb6 13. Nbd2 c6 14. c4 Qc7 15. Bd3 Bc8 16. Nf1 Bd7 17. Ng3 Rfc8 18. Bg5 h6 19. Bd2 bxc4 20. bxc4 a5 21. Rc1 Bf8 22. Nh4 cxd5 23. cxd5 Qd8 24. Nhf5 Rxc1 25. Qxc1 Na4 26. Qa3 Nc5 27. Bb1 a4 28. Qf3 Rb8 29. h3 Rb2 30. Be3 Rb5 31. Bc2 Kh8 32. Rb1 Rxb1+ 33. Bxb1 Ng8 34. Ne2 g6 35. Nfg3 Kg7 36. Nc3 Na6 37. Qd1 Qa5 38. Bd2 Nc5 39. Nge2 Nf6 40. f3 Qb6 41. Be3 Qb4 42. Bc2 Be7 43. Qb1 Qxb1+ 44. Bxb1 Bd8 45. Bc2 a3 46. Nc1 Ba5 47. Nb1 Bb4 48. Nb3 Nxb3 49. Bxb3 Bb5 50. Bc1 Nd7 51. Nxa3 Ba6 52. Nc4 Nc5 53. Kf2 h5 54. Ke2 Nxb3 55. axb3 Kf8 56. Kd3 Ke7 57. Bd2 Bc5 58. Ba5 Bd4 59. Bc3 Bc5 60. Kc2 Kd7 61. Bd2 Bf2 62. Kd3 Bd4 63. Be3 Bb2 64. Kc2 Ba1 65. Bd2 Bd4 66. Bc3 Bxc4 67. bxc4 Bxc3 68. Kxc3 Kc7 69. Kb4 Kb6 70. h4 f6 71. g3 g5 72. Kb3 gxh4 73. gxh4 Kc5 74. Kc3 Kb6 75. Kb4 Kc7 76. c5 Kd7 77. c6+ Kc7 78. Kb5 1-0